Southville International School and Colleges
Your cart is empty.
  • Cart
  • Lists
    Public lists Eva Luna New books Lux_list list_1
    Your lists Log in to create your own lists
  • Log in to your account
  • Your cookies
  • Search history
Southville International School and Colleges
  • Advanced search
  • Recent comments
  • Most popular
  • Libraries

Log in to your account

Log in with GOOGLE


If you do not have an external account, but do have a local account, you can still log in:

  1. Home
  2. MARC view: The Berenstain bears :
Normal view MARC view ISBD view

The Berenstain bears : (Record no. 111081)

[ view plain ]
MARC details
000 -LEADER
fixed length control field 00773nam a2200217 a 4500
001 - CONTROL NUMBER
control field 0436
005 - DATE AND TIME OF LATEST TRANSACTION
control field 20140414131908.0
008 - FIXED-LENGTH DATA ELEMENTS--GENERAL INFORMATION
fixed length control field 040109s19uu xx 00 eng d
020 ## - INTERNATIONAL STANDARD BOOK NUMBER
International Standard Book Number 0-679-89228-1
050 ## - LIBRARY OF CONGRESS CALL NUMBER
Classification number ER
Item number B35 2000
100 ## - MAIN ENTRY--PERSONAL NAME
Personal name Berenstain, Stan, 1923
245 ## - TITLE STATEMENT
Title The Berenstain bears :
Statement of responsibility, etc Stan Berenstain & Jan.
Remainder of title escape of the Bogg brothers /
260 ## - PUBLICATION, DISTRIBUTION, ETC. (IMPRINT)
Place of publication, distribution, etc Canada :
Name of publisher, distributor, etc Random House,
Date of publication, distribution, etc 2000.
300 ## - PHYSICAL DESCRIPTION
Extent 48 p. : ill. ; cm.
440 ## - SERIES STATEMENT/ADDED ENTRY--TITLE
Title The Berenstain Bears
520 ## - SUMMARY, ETC.
Summary, etc The Bear Detectives get to work when the nasty Bogg Brothers escape from jail and threaten to plunder the Bearsonian, the biggest museum in Bear Country.
650 ## - SUBJECT ADDED ENTRY--TOPICAL TERM
Topical term or geographic name as entry element Bears
General subdivision Fiction.
650 ## - SUBJECT ADDED ENTRY--TOPICAL TERM
Topical term or geographic name as entry element Museums
General subdivision Fiction.
650 ## - SUBJECT ADDED ENTRY--TOPICAL TERM
Topical term or geographic name as entry element Mystery and detective stories.
Holdings
Withdrawn status Lost status Damaged status Use restrictions Home library Current library Shelving location Date acquired Source of acquisition Cost, normal purchase price Total Checkouts Full call number Barcode Date last seen Price effective from Koha item type
        Munich Library Munich Library Easy Reading Section 01/09/2004   49.50   ER B35 2000 M1646 04/14/2014 04/14/2014 Books

The Berenstain bears :

APA

Berenstain S. 1., . (2000). The Berenstain bears. Canada: Random House.

Chicago

Berenstain Stan 1923, . 2000. The Berenstain bears. Canada: Random House.

Harvard

Berenstain S. 1., . (2000). The Berenstain bears. Canada: Random House.

MLA

Berenstain Stan 1923, . The Berenstain bears. Canada: Random House. 2000.

  • Place hold
  • Print
  • Cite
  • Add to your cart (remove)
  • Save record
    BIBTEX Dublin Core MARCXML MARC (non-Unicode/MARC-8) MARC (Unicode/UTF-8) MARC (Unicode/UTF-8, Standard) MODS (XML) RIS
  • More searches
    Search for this title in:
    Other Libraries (WorldCat) Other Databases (Google Scholar) Online Stores (Bookfinder.com) Open Library (openlibrary.org)

Exporting to Dublin Core...

SOUTHVILLE LIBRARY

Southville International School and Colleges Library

1281 Tropical Ave. Cor. Luxembourg St., BF Homes International, Las Pinas City

Tel. No. 8256374 / 252358 Loc. 117/146

Powered by Koha